Zožerú nás veľké ryby?

Jednou z významných tém nášho predsedníctva v Rade EÚ bude aj blížiace sa vytvorenie zóny voľného obchodu medzi Európskou úniou, USA a Kanadou. Dohoda je na dosah ruky. Čo bude znamenať pre európsky, a teda aj slovenský obchod. Názory poslanca NR SR a poslanca Európskeho parlamentu.

Guardado en:
Detalles Bibliográficos
Autor principal: Krausz, Táňa
Formato: Capítulo de libro
Lenguaje:eslovaco
Materias:
Etiquetas: Agregar Etiqueta
Sin Etiquetas, Sea el primero en etiquetar este registro!

MARC

LEADER 00000naa a2200000 4500
001 0220121
005 20160630110951.6
041 0 |a slo 
044 |a SK 
245 1 0 |a Zožerú nás veľké ryby?  |c Táňa Krausz 
520 |a Jednou z významných tém nášho predsedníctva v Rade EÚ bude aj blížiace sa vytvorenie zóny voľného obchodu medzi Európskou úniou, USA a Kanadou. Dohoda je na dosah ruky. Čo bude znamenať pre európsky, a teda aj slovenský obchod. Názory poslanca NR SR a poslanca Európskeho parlamentu. 
610 2 0 |a obchod voľný 
610 2 0 |a dohody obchodné medzinárodné 
610 2 0 |a Európa 
610 2 0 |a USA 
610 2 0 |a Kanada 
100 1 |a Krausz, Táňa